| Поле | Инд. | ПП | Название | Значение |
|---|---|---|---|---|
| Тип записи | a | |||
| Библиографический уровень | b | |||
| 001 | Контрольный номер | RU/IS/BASE/140015084 | ||
| 005 | Дата корректировки | 20201118103905.8 | ||
| 084 | a | Индекс другой классификации/Индекс ББК | 60.561.3; 66.041.12 | |
| 100 | 1_ | a | Автор | Истон Д. |
| 100 | 1_ | a | Автор | Деннис Дж. |
| 245 | 10 | a | Заглавие | Дети в политической системе: основа политической законности |
| c | Ответственность | автор предисловия Т. Н. Самсонова; перевод с английского Н. В. Карповой и Т. Н. Самсоновой | ||
| 500 | a | Примечание | Отрывок из книги Д. Истона и Дж. Денниса "Дети в политической системе: основа политической законности" | |
| 650 | 04 | a | Основная рубрика | политика |
| a | Основная рубрика | политическая социология | ||
| a | Основная рубрика | политология | ||
| a | Основная рубрика | социология | ||
| 653 | 0_ | a | Ключевые слова | власть |
| a | Ключевые слова | дети | ||
| a | Ключевые слова | персонализация | ||
| a | Ключевые слова | политическая власть | ||
| a | Ключевые слова | политическая социализация | ||
| a | Ключевые слова | политические образы | ||
| a | Ключевые слова | политические отношения | ||
| a | Ключевые слова | политическое воспитание | ||
| a | Ключевые слова | политическое образование | ||
| a | Ключевые слова | политическое сознание | ||
| a | Ключевые слова | президентство | ||
| a | Ключевые слова | социализация детей | ||
| a | Ключевые слова | структура власти | ||
| a | Ключевые слова | теория социализации | ||
| 700 | 12 | a | Автор | Самсонова Т. Н. |
| e | Роль лиц | переводчик; автор предисловия | ||
| 700 | 12 | a | Автор | Карпова Н. В. |
| e | Роль лиц | переводчик | ||
| 773 | 18 | t | Заглавие источника | Вестник Московского университета. Серия 18, Социология и политология |
| d | Дата издания источника | 2001 | ||
| g | Прочая информация | № 3. - С. 76 - 97 | ||
| w | Контрольный № источника | RU/IS/BASE/148578725 | ||
| 901 | t | Тип документа | b |